消滅した市の市章クイズ - Statistics

General Stats
  • This quiz has been taken 57 times
  • The average score is 13 of 85
Answer Stats
Picture Answer % Correct
保谷市
67%
東京市
65%
田無市
48%
勿来市
37%
山田市
37%
新湊市
35%
鶴崎市
30%
両津市
30%
大口市
26%
平市
26%
内郷市
26%
大宮市
24%
高田市
24%
水沢市
22%
八幡市
22%
首里市
20%
常磐市
20%
平田市
20%
与野市
17%
串木野市
17%
小倉市
17%
秋川市
17%
平良市
17%
東舞鶴市
17%
黒磯市
17%
布施市
17%
川之江市
15%
直江津市
15%
伊予三島市
15%
浜北市
15%
亀田市
15%
松任市
15%
尾西市
15%
原町市
13%
古川市
13%
中村市
13%
枚岡市
13%
鳩ヶ谷市
13%
浦和市
13%
名瀬市
13%
新津市
13%
岩井市
13%
本渡市
13%
下館市
13%
篠ノ井市
13%
上福岡市
13%
コザ市
13%
飾磨市
13%
天竜市
13%
岩槻市
11%
八日市場市
11%
北条市
11%
谷山市
11%
清水市
11%
八日市市
11%
磐城市
11%
大曲市
11%
戸畑市
11%
更埴市
9%
玉島市
9%
吉原市
9%
西大寺市
9%
今市市
9%
水海道市
9%
上野市
9%
武生市
9%
甘木市
9%
松永市
9%
国分市
9%
川内市
9%
前原市
9%
児島市
9%
若松市
9%
因島市
9%
塩山市
9%
勝田市
9%
福江市
7%
小野田市
7%
佐原市
7%
牛深市
7%
龍野市
7%
江刺市
7%
那珂湊市
4%
河内市
4%
加世田市
4%
No matching quizzes found
Score Distribution
Percent of People with Each Score
Percentile by Number Answered
Your Score History
You have not taken this quiz